Statistics for Commonwealth Gymnastics Champions

Click here to take the quiz!

General Stats

  • This quiz has been taken 48 times
    (8 since last reset)
  • The average score is 35 of 135

Answer Stats

YearEvent#CountryAnswer% Correct
2018All Around1CanadaEllie Black
83%
2018Vault2CanadaEllie Black
83%
2014Beam1CanadaEllie Black
83%
2014Floor3CanadaEllie Black
83%
2014Vault2CanadaEllie Black
83%
2018Floor3CanadaShallon Olsen
83%
2018Vault1CanadaShallon Olsen
83%
2018Beam1EnglandAlice Kinsella
67%
2022Floor1EnglandAlice Kinsella
67%
2018All Around3EnglandAlice Kinsella
67%
2006Beam3EnglandBecky Downie
67%
2022Bars1EnglandGeorgia-Mae Fenton
67%
2018Bars1EnglandGeorgia-Mae Fenton
67%
2010Bars1AustraliaLauren Mitchell
67%
2010Beam1AustraliaLauren Mitchell
67%
2014Floor2AustraliaLauren Mitchell
67%
2010All Around1AustraliaLauren Mitchell
67%
2010Floor2AustraliaLauren Mitchell
67%
2014Bars1EnglandRebecca Downie
67%
2006Vault2CanadaAlyssa Brown
50%
2018Bars2CanadaBrittany Rogers
50%
2014Vault1EnglandClaudia Fragapane
50%
2014Floor1EnglandClaudia Fragapane
50%
2014All Around1EnglandClaudia Fragapane
50%
2022All Around3CanadaEmma Spence
50%
2022Beam3CanadaEmma Spence
50%
2018All Around2AustraliaGeorgia Godwin
50%
2022All Around1AustraliaGeorgia Godwin
50%
2018Bars3AustraliaGeorgia Godwin
50%
2022Beam2AustraliaGeorgia Godwin
50%
2022Vault1AustraliaGeorgia Godwin
50%
2022Bars2AustraliaGeorgia Godwin
50%
2018Beam2AustraliaGeorgia-Rose Brown
50%
2022All Around2EnglandOndine Achampong
50%
2022Vault3ScotlandShannon Archer
50%
2002All Around2EnglandBeth Tweddle
33%
2002Bars1EnglandBeth Tweddle
33%
2022Bars3South AfricaCaitlin Rooskrantz
33%
2006Bars1CanadaElyse Hopfner-Hibbs
33%
2006All Around2CanadaElyse Hopfner-Hibbs
33%
2006Beam1CanadaElyse Hopfner-Hibbs
33%
2022Beam1AustraliaKate McDonald
33%
2018Beam3EnglandKelly Simm
33%
1990Beam2CanadaLarissa Lowing
33%
1990Floor2CanadaLarissa Lowing
33%
2014Bars2AustraliaLarrissa Miller
33%
1990All Around1CanadaLori Strong
33%
1990Vault2CanadaLori Strong
33%
1990Bars2CanadaLori Strong
33%
1990Beam1CanadaLori Strong
33%
1990Floor1CanadaLori Strong
33%
2022Floor2EnglandOndine Achampong
33%
1994Vault1CanadaStella Umeh
33%
1994All Around1CanadaStella Umeh
33%
1994Bars2CanadaStella Umeh
33%
1998All Around1AustraliaZeena McLaughlin
33%
1998Floor3AustraliaZeena McLaughlin
33%
1998Beam2AustraliaZeena McLaughlin
33%
1998Bars3AustraliaZeena McLaughlin
33%
2002All Around3AustraliaAllana Slater
17%
2002Vault1AustraliaAllana Slater
17%
1998All Around2AustraliaAllana Slater
17%
2002Beam2AustraliaAllana Slater
17%
2002Bars2AustraliaAllana Slater
17%
1998Floor2AustraliaAllana Slater
17%
2014Vault3IndiaDipa Karmakar
17%
2018Vault3AustraliaEmily Whitehead
17%
2022Floor3AustraliaEmily Whitehead
17%
2014All Around3EnglandHannah Whelan
17%
2002All Around1CanadaKate Richardson
17%
2002Beam1CanadaKate Richardson
17%
2002Floor3CanadaKylie Stone
17%
2018Floor2WalesLatalia Bevan
17%
2022Vault2CanadaLaura Denommee
17%
1994Floor3CanadaLisa Simes
17%
1994Vault3CanadaLisa Simes
17%
2006Bars3AustraliaMonette Russo
17%
1990Vault3AustraliaMonique Allen
17%
1990Bars1AustraliaMonique Allen
17%
1990All Around2AustraliaMonique Allen
17%
1994All Around2AustraliaRebecca Stoyal
17%
1994Bars1AustraliaRebecca Stoyal
17%
2014Bars3EnglandRuby Harrold
17%
2014All Around2EnglandRuby Harrold
17%
1994Beam1AustraliaSalli Willis
17%
1998Bars2CanadaVeronique Leclerc
17%
1994All Around3EnglandZita Lusack
17%
1994Beam2EnglandZita Lusack
17%
2002Vault2AustraliaAlexandra Croak
0%
2018Floor1AustraliaAlexandra Eade
0%
1994Floor1EnglandAnnika Reeder
0%
1998Vault3EnglandAnnika Reeder
0%
1998Floor1EnglandAnnika Reeder
0%
2010Floor3AustraliaAshleigh Brennan
0%
2006Floor2AustraliaAshleigh Brennan
0%
2002Floor2EnglandBecky Owen
0%
2006All Around1AustraliaChloe Sims
0%
2010Bars3CanadaCynthia Lemieux-Guillemette
0%
2010Beam3CanadaCynthia Lemieux-Guillemette
0%
2010All Around2AustraliaEmily Little
0%
2006Floor3South AfricaFrancki Van Rooyen
0%
2010Vault3CanadaGabby May
0%
2010Bars2AustraliaGeorgia Bonora
0%
2010All Around3AustraliaGeorgia Bonora
0%
2014Beam3WalesGeorgina Hockenhull
0%
2006All Around3AustraliaHollie Dykes
0%
2006Floor1AustraliaHollie Dykes
0%
2006Beam2AustraliaHollie Dykes
0%
2006Vault1EnglandImogen Cairns
0%
2010Vault1EnglandImogen Cairns
0%
2010Floor1EnglandImogen Cairns
0%
1994Floor2EnglandJackie Brady
0%
2002Beam3AustraliaJacqui Dunn
0%
2010Vault2South AfricaJennifer Mbali Khwela
0%
1990Beam3AustraliaKylie Shadbolt
0%
1990Floor3AustraliaKylie Shadbolt
0%
1990All Around3AustraliaKylie Shadbolt
0%
2010Beam2SingaporeLim Heem Wei
0%
1998Beam3CanadaLisa Leville
0%
1998Vault1EnglandLisa Mason
0%
1998Bars1AustraliaLisa Skinner
0%
2014Beam2AustraliaMary Anne Monckton
0%
1990Bars3AustraliaMichelle Telfer
0%
2006Vault3AustraliaNaomi Russell
0%
1990Vault1New ZealandNikki Jenkins
0%
1994Beam3AustraliaRuth Moniz
0%
2002Floor1AustraliaSarah Lauren
0%
1994Bars3New ZealandSara Thompson
0%
2006Bars2EnglandShavahn Church
0%
1994Vault2WalesSonia Lawrence
0%
1998All Around3AustraliaTrudy McIntosh
0%
1998Vault2AustraliaTrudy McIntosh
0%
1998Beam1AustraliaTrudy McIntosh
0%
2002Bars3CanadaVanessa Meloche
0%
2002Vault3CanadaVanessa Meloche
0%

Score Distribution

Percentile by Number Answered

Percent of People with Each Score

Your Score History

You have not taken this quiz since the last reset